000 01684nam a2200385 c 4500
003 BLK
005 20240301163918.0
008 180408b bul|||||r ||||||| ||bul||
010 _aKNG00059784000
040 _aBLK
041 _aBUL
_cBUL
080 _aМедицина
_b61
_x(092)
_z61(092)
080 _aБиографии
_b929
_x(100)
_z929(100)
100 1 _aНамора, Фернанду
_eпърви автор
_9100537
700 _aПожарлиева, Сидония Йорданова
_9366190
700 1 _aДимитрова, Буря Атанасова
_eпрев. от португ.
_9369203
139 _aНамора, Фернанду
_bН 20
245 1 0 _aБогове и демони на медицината
_bБиогр. очерци : Т. 1 -
_cФернанду Намора; прев. от португ. Сидония Йорданова Пожарлиева; прев. от португ. Буря Атанасова Димитрова.
_nТ. 2
257 _aPG
260 София
_bМедицина и физкултура
_c1983
300 _c30 см
380 _a61
500 _aОриг. загл. Deuses e demonios da medicina / Fernando Namora
650 4 _aМедицина - история
_9248937
653 _aмедицина
653 _aистория
653 _aбиографии
760 1 _aНамора, Фернанду
_d1984
_h228 с. : с ил., портр.
_nАвт. не е отбелязан на кор.
_tТ. 2
852 _aЦб ІІ 6532
856 4 _qpdf
_u
856 4 _qpdf
_u
942 _cKNG
_n0
944 _aCR
_c07.06.2006
_k30560
_lГеновева Генчева
944 _aED
_c07.06.2006
_k
999 _c55809
_d55809